[Event "IV Open International Senior"]
[Site "Calvia"]
[Date "2007.10.18"]
[Round "4.23"]
[White "Yanez Acin, Gonzalo"]
[Black "Febrero Perez, Lluis"]
[Result "1-0"]
[WhiteElo "1962"]
[BlackElo "1690"]
[PlyCount "45"]
[EventDate "2007.??.??"]

1. e4 e5 2. Nf3 Nc6 3. Bc4 Be7 4. O-O Nf6 5. d3 O-O 6. Nc3 d6 7. h3 Na5 8. Bb3
Nxb3 9. axb3 a6 10. Be3 b5 11. Nxb5 Bb7 12. Nc3 c6 13. Na4 Qc7 14. Bb6 Qc8 15.
Ba5 Nd7 16. Bc3 Qe8 17. Qe2 Bd8 18. Nh2 f5 19. exf5 Rxf5 20. Rfe1 Qg6 21. Qg4
Qf7 22. f4 Nf6 23. Qxf5 1-0

[Event "IV Open International Senior"]
[Site "Calvia"]
[Date "2007.10.18"]
[Round "4.26"]
[White "Theiss Geb Buzgar, Ion"]
[Black "Orcera Gomez, Francisco"]
[Result "1-0"]
[WhiteElo "1929"]
[BlackElo "1841"]
[PlyCount "95"]
[EventDate "2007.??.??"]

1. d4 d5 2. e4 dxe4 3. Nc3 f5 4. f3 Nf6 5. Bc4 c6 6. fxe4 fxe4 7. Nge2 b5 8.
Bb3 b4 9. Na4 Na6 10. O-O Bg4 11. Bg5 Qa5 12. Bf4 Qh5 13. Bc4 Nb8 14. Qd2 Nbd7
15. h3 Bxe2 16. Bxe2 Qa5 17. b3 Nd5 18. Bc4 e6 19. Rae1 N7f6 20. Be5 Be7 21. a3
O-O 22. Qg5 bxa3 23. Rxe4 Rf7 24. Rh4 Raf8 25. Qg3 Ne4 26. Rxf7 Rxf7 27. Rxe4
a2 28. Re1 Qd2 29. Bxd5 cxd5 30. Qc3 Qxc3 31. Nxc3 Bb4 32. Ra1 Bxc3 33. Rxa2 a5
34. g4 g6 35. Kg2 h5 36. gxh5 gxh5 37. Ra3 Kh7 38. b4 Bxb4 39. Rb3 Bd2 40. Rb6
Re7 41. Ra6 Kg6 42. Kf3 Kf5 43. Ra8 Rf7 44. Ke2 Bb4 45. Kd3 Kg5 46. Ke3 Kh4 47.
Re8 Re7 48. Bf6+ 1-0

[Event "IV Open International Senior"]
[Site "Calvia"]
[Date "2007.10.18"]
[Round "4.27"]
[White "Gonzalo Gonzalez, Francisco"]
[Black "Solsona Manonelles, Josep"]
[Result "0-1"]
[WhiteElo "1857"]
[BlackElo "1830"]
[PlyCount "80"]
[EventDate "2007.??.??"]

1. e4 e6 2. d4 d5 3. e5 c5 4. c3 Nc6 5. Bb5 Bd7 6. Be3 Nxe5 7. Qa4 cxd4 8.
Bxd7+ Qxd7 9. Qxd4 Nc6 10. Qd3 Nf6 11. Ne2 e5 12. Nd2 Rc8 13. a3 Be7 14. f3 O-O
15. O-O Rfd8 16. Nb3 b6 17. Rad1 e4 18. fxe4 dxe4 19. Qc2 Qb7 20. Ned4 Ne5 21.
Nf5 Rxd1 22. Nxe7+ Qxe7 23. Rxd1 Nc6 24. Bg5 Qc5+ 25. Nd4 Nxd4 26. Qf2 Nf3+ 27.
gxf3 Qxg5+ 28. Kh1 Qf4 29. Kg2 e3 30. Qe2 Qg5+ 31. Kh1 Re8 32. Rd4 h5 33. Ra4
Rd8 34. Rd4 Rxd4 35. cxd4 Nd5 36. Qb5 a6 37. Qe8+ Kh7 38. Qe4+ g6 39. Qe8 Kg7
40. Qe4 Nf4 0-1

[Event "IV Open International Senior"]
[Site "Calvia"]
[Date "2007.10.19"]
[Round "5.4"]
[White "Ermenkov, Evgenij"]
[Black "Serra Olives, Tomas"]
[Result "0-1"]
[WhiteElo "2496"]
[BlackElo "2144"]
[PlyCount "114"]
[EventDate "2007.??.??"]

1. e4 c5 2. Nc3 d6 3. Nge2 Nf6 4. d4 cxd4 5. Nxd4 a6 6. a4 Nc6 7. Bc4 g6 8.
Nxc6 bxc6 9. e5 Nd7 10. exd6 exd6 11. O-O Ne5 12. Bb3 Bg7 13. h3 Be6 14. f4 Nc4
15. Qf3 Qb6+ 16. Kh1 O-O 17. Qg3 Na5 18. Bxe6 fxe6 19. Ne4 Nc4 20. a5 Qd4 21.
Ng5 Rae8 22. Ra4 Qd5 23. b3 Ne5 24. Re1 Nd7 25. c4 Qf5 26. Ne4 e5 27. Nxd6 exf4
28. Qf2 Qc5 29. Qxc5 Rxe1+ 30. Qg1 Rxg1+ 31. Kxg1 Nc5 32. Ra3 Nd3 33. Bd2 Bd4+
34. Kf1 Bc5 35. b4 Nxb4 36. Ne4 Be7 37. c5 Nd5 38. Rb3 Kf7 39. Ke2 Ke6 40. Rb7
h5 41. Kf3 Kf5 42. Ra7 Rb8 43. g4+ Ke6 44. Rxa6 Rb3+ 45. Ke2 Ke5 46. Nf2 f3+
47. Kd1 Bh4 48. Kc2 Ra3 49. Nd1 Kd4 50. Rxc6 f2 51. Nxf2 Bxf2 52. Rxg6 Ra2+ 53.
Kc1 Kd3 54. Rd6 Bd4 55. Rb6 Rxd2 56. Rb3+ Nc3 57. c6 Rc2# 0-1

[Event "IV Open International Senior"]
[Site "Calvia"]
[Date "2007.10.19"]
[Round "5.5"]
[White "Sarto Ramos, Angel"]
[Black "Celaya Tapiz, Jose Maria"]
[Result "1/2-1/2"]
[WhiteElo "2086"]
[BlackElo "2239"]
[PlyCount "124"]
[EventDate "2007.??.??"]

1. d4 d5 2. Nf3 c6 3. Nbd2 Nf6 4. e3 Bg4 5. c4 e6 6. Bd3 Bb4 7. O-O Nbd7 8. Qc2
Be7 9. b3 Bh5 10. Bb2 Bg6 11. Bxg6 hxg6 12. Ne5 Bd6 13. Rae1 Bb4 14. f3 Bxd2
15. Qxd2 dxc4 16. Nxc4 Qc7 17. g3 b5 18. Ne5 Nxe5 19. dxe5 Nd7 20. Qc3 O-O 21.
Rd1 Rfc8 22. Rd6 a5 23. Rc1 c5 24. Qd3 Ra7 25. Qxb5 a4 26. Rcd1 Nb8 27. Qc4
axb3 28. axb3 g5 29. Bc3 Nc6 30. R1d2 Na5 31. Bxa5 Rxa5 32. Qg4 c4 33. bxc4
Rxe5 34. Qd4 Rf5 35. Rd8+ Kh7 36. Rxc8 Qxc8 37. g4 Rc5 38. Rc2 Kh6 39. Kg2 e5
40. Qd3 f6 41. Kg3 Qb8 42. e4 Qb1 43. Qd2 Kh7 44. Kg2 Qb3 45. Qc3 Qa4 46. Kg3
Kh8 47. h4 gxh4+ 48. Kxh4 g5+ 49. Kg3 Kg7 50. Qd3 Kg6 51. Rc1 Qe8 52. Qd6 Qc8
53. Rb1 Rc6 54. Rb8 Rxd6 55. Rxc8 Rd2 56. Rc7 Rc2 57. c5 Kh6 58. c6 Kg6 59. Rc8
Kf7 60. Rc7+ Ke6 61. Rc8 Kd6 62. Rf8 Ke7 1/2-1/2

[Event "IV Open International Senior"]
[Site "Calvia"]
[Date "2007.10.19"]
[Round "5.6"]
[White "Suslin, Alexander"]
[Black "Estrada Martinez, Cesar"]
[Result "1/2-1/2"]
[WhiteElo "2144"]
[BlackElo "2227"]
[PlyCount "67"]
[EventDate "2007.??.??"]

1. e4 c6 2. d4 g6 3. Nf3 Bg7 4. Bd3 d6 5. O-O Bg4 6. c3 Nf6 7. h3 Bxf3 8. Qxf3
O-O 9. Be3 Nbd7 10. Nd2 Qc7 11. Qe2 e5 12. Nf3 Rae8 13. Qc2 d5 14. Nxe5 dxe4
15. Nxd7 Qxd7 16. Bc4 Nd5 17. Rae1 Kh8 18. Bd2 f5 19. Re2 h6 20. Rfe1 Re7 21.
Bb3 Qd6 22. Qc1 Kh7 23. a3 a5 24. f3 Ra8 25. Bf4 exf3 26. Qe3 Qd8 27. Bxd5 Qxd5
28. Qxf3 Qxf3 29. gxf3 g5 30. Bc7 Bf6 31. Re6 Kg7 32. Be5 Bxe5 33. R6xe5 Kf6
34. Kf2 1/2-1/2

[Event "IV Open International Senior"]
[Site "Calvia"]
[Date "2007.10.19"]
[Round "5.8"]
[White "Hostalet Ferrer, Pedro"]
[Black "Simon, Padros Emili"]
[Result "1/2-1/2"]
[WhiteElo "2021"]
[BlackElo "2253"]
[PlyCount "30"]
[EventDate "2007.??.??"]

1. d4 e6 2. Nf3 f5 3. g3 Nf6 4. Bg2 d5 5. c4 c6 6. O-O Be7 7. b3 O-O 8. Ba3 a5
9. Qc1 Ne4 10. Ne5 Nd7 11. Bxe7 Qxe7 12. Nxd7 Bxd7 13. Nc3 b5 14. Nxe4 fxe4 15.
f3 exf3 1/2-1/2

[Event "IV Open International Senior"]
[Site "Calvia"]
[Date "2007.10.19"]
[Round "5.10"]
[White "Molina, Jorge"]
[Black "Tejero Royo, Fermin"]
[Result "1-0"]
[WhiteElo "2240"]
[BlackElo "2188"]
[PlyCount "136"]
[EventDate "2007.??.??"]

1. d4 d5 2. c4 e6 3. Nc3 Nf6 4. cxd5 exd5 5. Bg5 Be7 6. Qc2 Nbd7 7. e3 c6 8.
Bd3 O-O 9. Nf3 Re8 10. O-O Ne4 11. Bxe4 dxe4 12. Nxe4 f6 13. Bf4 Nf8 14. h3 g5
15. Bh2 Ng6 16. Ng3 g4 17. hxg4 Bxg4 18. Nd2 Kh8 19. f3 Bd7 20. Ne2 Qa5 21. Nc4
Qh5 22. Nf4 Nxf4 23. Bxf4 b5 24. Nd2 Qh4 25. Ne4 Rg8 26. g3 Qh5 27. Qh2 Qg6 28.
Rac1 Rad8 29. Nc5 Be8 30. Qc2 Qh5 31. Rf2 Qd5 32. Qe4 Bd6 33. Qxd5 cxd5 34.
Bxd6 Rxd6 35. Rg2 Bg6 36. Kf2 Rb8 37. Rgg1 b4 38. Nb3 Ra6 39. Ra1 Rc8 40. Nc5
Rb6 41. Rac1 Rd8 42. Rgd1 Re8 43. Rd2 Kg8 44. Re1 f5 45. Rc1 Rc8 46. f4 Be8 47.
Rdd1 Bb5 48. Rh1 Rf6 49. Rh5 Be8 50. Rhh1 Bb5 51. Rcg1 Rc7 52. g4 fxg4 53.
Rxg4+ Rg7 54. Rxg7+ Kxg7 55. Rh5 Rd6 56. b3 Be8 57. Rg5+ Bg6 58. Re5 a6 59.
Re7+ Kf6 60. Ra7 Bb1 61. Nxa6 Kf5 62. Nxb4 Kg4 63. Rg7+ Kh3 64. Ke2 h5 65. Nd3
Rc6 66. Nb4 Rd6 67. Rg5 h4 68. Nxd5 Bxa2 1-0

[Event "IV Open International Senior"]
[Site "Calvia"]
[Date "2007.10.19"]
[Round "5.11"]
[White "Castan Sanclemente, Alejandro"]
[Black "Buxade Roca, Guillermo"]
[Result "0-1"]
[WhiteElo "1932"]
[BlackElo "2211"]
[PlyCount "98"]
[EventDate "2007.??.??"]

1. d4 Nf6 2. c4 e6 3. Nc3 d5 4. Nf3 c6 5. Bg5 h6 6. Bh4 dxc4 7. a4 Bb4 8. e3
Qa5 9. Bxf6 Bxc3+ 10. bxc3 Qxc3+ 11. Nd2 gxf6 12. Rc1 Qa5 13. Bxc4 Nd7 14. O-O
b5 15. axb5 cxb5 16. Nb3 Qb6 17. Bd3 Bb7 18. e4 a6 19. Qh5 Ke7 20. Rfe1 Rag8
21. Nc5 Nxc5 22. dxc5 Qc6 23. g3 Rg5 24. Qh4 h5 25. Qf4 Rc8 26. h4 Rg4 27. Qh6
Rcg8 28. Kh2 f5 29. Qe3 f4 30. Qd4 fxg3+ 31. fxg3 Rxg3 32. Rg1 R3g4 33. Qf2
Qc7+ 34. Kh3 Rxg1 35. Rxg1 Rxg1 36. Qxg1 Qf4 37. c6 Bxc6 38. Qc5+ Kd7 39. Qa7+
Kd8 40. Qb6+ Qc7 41. Qxa6 Qd7 42. Qa3 b4 43. Qa5+ Ke8 44. Be2 b3 45. Qxh5 Qd2
46. Qc5 Bd7 47. Bb5 b2 48. Bxd7+ Qxd7 49. Qb4 Qd3+ 0-1

[Event "IV Open International Senior"]
[Site "Calvia"]
[Date "2007.10.19"]
[Round "5.12"]
[White "Mikoleizig, Egenhard"]
[Black "Klempt, Guenter"]
[Result "1-0"]
[WhiteElo "2217"]
[BlackElo "2091"]
[PlyCount "111"]
[EventDate "2007.??.??"]

1. e4 c5 2. Nf3 Nc6 3. d4 cxd4 4. Nxd4 g6 5. Be2 Bg7 6. Be3 Nf6 7. Nc3 O-O 8.
Qd2 d5 9. Nxc6 bxc6 10. exd5 cxd5 11. Bf3 e6 12. O-O a6 13. Rfe1 Rb8 14. Rab1
Bb7 15. Bf4 Rc8 16. Na4 Bc6 17. Nc5 Bb5 18. Nb3 Re8 19. Be5 Ne4 20. Bxe4 Bxe5
21. Bf3 Bg7 22. c3 Bc4 23. Be2 Qb6 24. Qe3 Qxe3 25. fxe3 Bxe2 26. Rxe2 Rb8 27.
e4 dxe4 28. Rxe4 Red8 29. Kf1 Rd6 30. Ree1 Rdb6 31. Rbd1 a5 32. Re4 Rb5 33. Rd7
Ra8 34. Ra4 Kf8 35. h3 Ke8 36. Rc7 Bf8 37. Ke2 Bd6 38. Rcc4 Ke7 39. Kd3 e5 40.
Kc2 f5 41. Rh4 h5 42. g4 hxg4 43. hxg4 f4 44. Nd2 Rf8 45. Rh7+ Rf7 46. Rh3 Bc7
47. Rc4 Ke6 48. Ne4 Kd5 49. b3 f3 50. Rh2 Bd8 51. Rd2+ Ke6 52. Rxd8 f2 53. Rd6+
Ke7 54. Rc7+ Ke8 55. Rxf7 Kxf7 56. Nxf2 1-0

[Event "IV Open International Senior"]
[Site "Calvia"]
[Date "2007.10.19"]
[Round "5.13"]
[White "Campos Calvo-Sotelo, Juan"]
[Black "Eppinger, Georg"]
[Result "0-1"]
[WhiteElo "1976"]
[BlackElo "2263"]
[PlyCount "66"]
[EventDate "2007.??.??"]

1. b4 e5 2. a3 a5 3. b5 g6 4. Bb2 Bg7 5. e3 d6 6. f4 Nh6 7. Nf3 O-O 8. fxe5 Ng4
9. Be2 dxe5 10. O-O e4 11. Nd4 Ne5 12. Nc3 f5 13. g3 c5 14. bxc6 bxc6 15. Na4
Na6 16. Rb1 c5 17. Nb5 Be6 18. Bxe5 Bxe5 19. Nbc3 Qe7 20. Rb6 c4 21. Qb1 Bf7
22. Qa2 Qc7 23. Rfb1 Bxg3 24. hxg3 Qxg3+ 25. Kh1 Qh3+ 26. Kg1 Qg3+ 27. Kh1 f4
28. exf4 Qh3+ 29. Kg1 Qg3+ 30. Kh1 Be6 31. f5 Rxf5 32. Nd1 Qh3+ 33. Kg1 Rg5+
0-1

[Event "IV Open International Senior"]
[Site "Calvia"]
[Date "2007.10.19"]
[Round "5.14"]
[White "Schuermans, Robert"]
[Black "Perez Pascual, Arturo"]
[Result "1-0"]
[WhiteElo "2219"]
[BlackElo "1986"]
[PlyCount "73"]
[EventDate "2007.??.??"]

1. e4 e5 2. Bc4 Nf6 3. d4 exd4 4. Nf3 Nc6 5. Nxd4 Nxe4 6. Qh5 Qf6 7. Nxc6 bxc6
8. O-O d5 9. Bxd5 cxd5 10. Qxd5 Rb8 11. Qxe4+ Be6 12. Qc6+ Kd8 13. Nc3 Bd6 14.
Ne4 Bd7 15. Qxd7+ Kxd7 16. Nxf6+ gxf6 17. b3 Rhe8 18. Be3 c5 19. c4 Kc6 20.
Rad1 f5 21. g3 Re4 22. Rd5 f4 23. gxf4 Bxf4 24. Rxc5+ Kd7 25. Rd1+ Ke6 26. Rc6+
Kf5 27. Rd5+ Be5 28. Rh6 Rg4+ 29. Kf1 f6 30. h3 Rg7 31. Ke2 Ke6 32. f4 Bc7 33.
Bd4 Bd8 34. Rxd8 Rxd8 35. Bxf6 Rg2+ 36. Kf3 Rdg8 37. Bg5+ 1-0

[Event "IV Open International Senior"]
[Site "Calvia"]
[Date "2007.10.19"]
[Round "5.15"]
[White "Forteza Valls, Jose Maria"]
[Black "Pomar Mir, Francisco"]
[Result "1/2-1/2"]
[WhiteElo "219"]
[BlackElo "1970"]
[PlyCount "101"]
[EventDate "2007.??.??"]

1. Nf3 Nf6 2. c4 e6 3. Nc3 d5 4. e3 Be7 5. b3 c6 6. Bb2 Nbd7 7. Qc2 Qc7 8. d4
O-O 9. Bd3 Re8 10. O-O b6 11. Rac1 Ba6 12. Qd1 Rad8 13. a4 Qb8 14. e4 dxe4 15.
Nxe4 Nxe4 16. Bxe4 c5 17. Qe2 Bb7 18. Bb1 Qa8 19. Ne5 Nxe5 20. Qxe5 Bf6 21. Qg3
Bxd4 22. Bxd4 Rxd4 23. f3 Red8 24. Rce1 R8d6 25. Re5 Qd8 26. Rh5 g6 27. Re5 Qh4
28. Qxh4 Rxh4 29. f4 Rd2 30. Be4 Bxe4 31. Rxe4 g5 32. Rf3 Rxf4 33. Rfxf4 gxf4
34. Rxf4 Rd3 35. Rf3 Rxf3 36. gxf3 Kg7 37. Kf2 Kf6 38. Ke3 Ke5 39. h3 h6 40.
f4+ Kf5 41. Kf3 f6 42. Kg3 Ke4 43. Kg4 h5+ 44. Kxh5 Kxf4 45. Kg6 e5 46. h4 e4
47. h5 e3 48. h6 e2 49. h7 e1=Q 50. h8=Q Qe4+ 51. Kf7 1/2-1/2

[Event "IV Open International Senior"]
[Site "Calvia"]
[Date "2007.10.19"]
[Round "5.16"]
[White "Garcia Moreno, Jose Alfredo"]
[Black "Feiguelman, Boris Dr"]
[Result "1/2-1/2"]
[WhiteElo "1975"]
[BlackElo "2058"]
[PlyCount "65"]
[EventDate "2007.??.??"]

1. d4 f5 2. Nf3 Nf6 3. Nc3 d5 4. g3 e6 5. Bg2 c5 6. O-O Nc6 7. e3 Ne4 8. Nxe4
dxe4 9. Ne5 Nxe5 10. dxe5 Qc7 11. Bd2 Bd7 12. Bc3 Bb5 13. Re1 Rd8 14. Qc1 Bc6
15. b3 g6 16. Qb2 Bg7 17. Rad1 O-O 18. a4 Rd5 19. Bf1 Rfd8 20. Qa1 Rxd1 21.
Rxd1 Rxd1 22. Qxd1 Bd5 23. Qa1 g5 24. Be2 Bh6 25. Bd2 b6 26. c4 Bc6 27. Bc3 Bg7
28. Qd1 Qd7 29. Qf1 g4 30. Qe1 h5 31. Kf1 h4 32. Qd1 Qxd1+ 33. Bxd1 1/2-1/2

[Event "IV Open International Senior"]
[Site "Calvia"]
[Date "2007.10.19"]
[Round "5.17"]
[White "Alonso Perez, Jose Ramon"]
[Black "Yanez Acin, Gonzalo"]
[Result "1/2-1/2"]
[WhiteElo "2041"]
[BlackElo "1962"]
[PlyCount "38"]
[EventDate "2007.??.??"]

1. d4 Nf6 2. c4 e5 3. dxe5 Ng4 4. e4 Nxe5 5. Be2 Bc5 6. Nf3 Nxf3+ 7. Bxf3 O-O
8. O-O Nc6 9. g3 d6 10. Nc3 Ne5 11. Bg2 Bg4 12. Qc2 Qd7 13. Nd5 c6 14. Ne3 Bf3
15. Nf5 Qe6 16. b3 g6 17. Nh4 Bxg2 18. Kxg2 Bd4 19. Rb1 Rfe8 1/2-1/2

[Event "IV Open International Senior"]
[Site "Calvia"]
[Date "2007.10.19"]
[Round "5.18"]
[White "Iglesias Vidal, Luis"]
[Black "Fernandez Garcia, Ignacio"]
[Result "0-1"]
[WhiteElo "1814"]
[BlackElo "2039"]
[PlyCount "72"]
[EventDate "2007.??.??"]

1. Nf3 d5 2. d4 Nf6 3. c4 c6 4. cxd5 cxd5 5. Nc3 Nc6 6. Bg5 e6 7. e3 Be7 8. Bb5
O-O 9. Bxc6 bxc6 10. O-O Rb8 11. Qc2 Bd7 12. Ne5 Be8 13. b3 c5 14. dxc5 Bxc5
15. Rfd1 Be7 16. Rac1 Ba3 17. Rb1 a5 18. Qe2 Qc7 19. Bxf6 gxf6 20. Ng4 Qxc3 21.
Rd3 Bb5 22. Rxc3 Bxe2 23. Nxf6+ Kg7 24. Nd7 Rfc8 25. Rxc8 Rxc8 26. Re1 f6 27.
f3 Bb5 28. Nb6 Rc2 29. Ra1 Bc5 30. a4 Bxe3+ 31. Kh1 Ba6 32. Nd7 Ba7 33. g4 Rc7
34. Re1 Rxd7 35. Rxe6 Bb7 36. Kg2 d4 0-1

[Event "IV Open International Senior"]
[Site "Calvia"]
[Date "2007.10.19"]
[Round "5.19"]
[White "Gutierrez, Leon Cristobal"]
[Black "Mimbrero Cuello, Diego"]
[Result "1-0"]
[WhiteElo "1986"]
[BlackElo "1854"]
[PlyCount "71"]
[EventDate "2007.??.??"]

1. Nf3 d6 2. d4 c6 3. c4 Nf6 4. Nc3 Qc7 5. Bf4 Nbd7 6. e3 e5 7. Bg3 Be7 8. Be2
O-O 9. h3 a6 10. O-O b5 11. a3 Rb8 12. cxb5 axb5 13. b4 Re8 14. Qc2 Bd8 15.
Nxb5 cxb5 16. Qb3 Nf8 17. Rfc1 Qb7 18. dxe5 Be6 19. Qb2 dxe5 20. Nxe5 Rc8 21.
Rxc8 Bxc8 22. Rc1 Bf5 23. Rc5 Bd7 24. Bf3 Qb6 25. Qb3 Be6 26. Qd3 Be7 27. Rxb5
Qa7 28. Rb7 Qa4 29. Bc6 Qa8 30. Rxe7 Qc8 31. Rxe8 Nxe8 32. b5 Nf6 33. b6 Nh5
34. b7 Qc7 35. Qb5 Qb8 36. Nd7 1-0

[Event "IV Open International Senior"]
[Site "Calvia"]
[Date "2007.10.19"]
[Round "5.23"]
[White "Febrero Perez, Lluis"]
[Black "Theiss Geb Buzgar, Ion"]
[Result "0-1"]
[WhiteElo "1622"]
[BlackElo "1940"]
[PlyCount "90"]
[EventDate "2007.??.??"]

1. e4 e5 2. Nf3 Nc6 3. d4 exd4 4. Nxd4 Nxd4 5. Qxd4 b6 6. Qd5 c6 7. Qe5+ Ne7 8.
Bc4 d6 9. Qf4 d5 10. exd5 cxd5 11. Bb5+ Bd7 12. Nc3 Rc8 13. O-O Ng6 14. Bxd7+
Qxd7 15. Qd4 Rc4 16. Re1+ Kd8 17. Qxd5 Qxd5 18. Nxd5 Rxc2 19. Bg5+ f6 20. Rad1
Rxb2 21. Nxf6+ Kc8 22. Re8+ Kb7 23. Nd5 Rxa2 24. Nc3 Rc2 25. Rd7+ Ka6 26. Re1
Rxc3 27. Ra1+ Ra3 28. Rb1 h6 29. Bc1 Ra2 30. Bb2 Rg8 31. g3 Bc5 32. Kg2 Ne7 33.
f4 Ba3 34. Rd2 Rxb2 35. Rbxb2 Bxb2 36. Rxb2 h5 37. h4 g6 38. Kf3 b5 39. Ke4 Nf5
40. Rb3 Re8+ 41. Kd5 Re3 42. Rb2 Kb6 43. Rc2 a5 44. Rc6+ Kb7 45. Kc5 Rc3+ 0-1

[Event "IV Open International Senior"]
[Site "Calvia"]
[Date "2007.10.19"]
[Round "5.24"]
[White "Redondo Garcia, Jose Luis"]
[Black "Kuenitz, Klaus"]
[Result "1-0"]
[WhiteElo "1909"]
[BlackElo "1695"]
[PlyCount "69"]
[EventDate "2007.??.??"]

1. c4 f5 2. g3 Nf6 3. Bg2 g6 4. Nc3 Bg7 5. e3 e5 6. Nge2 O-O 7. O-O c6 8. b4 d5
9. cxd5 cxd5 10. d4 e4 11. Qb3 Nc6 12. a4 Be6 13. Ba3 Rc8 14. Qb2 Qd7 15. b5
Ne7 16. a5 g5 17. Na4 Qe8 18. Nc5 Qf7 19. Nxb7 Ne8 20. Nd6 Nxd6 21. Bxd6 Rfd8
22. Bxe7 Qxe7 23. Rfc1 Qb7 24. Qb3 Rc4 25. Rxc4 dxc4 26. Qb2 Bd7 27. Nc3 Rb8
28. Rb1 Qc7 29. Bf1 Qxa5 30. Bxc4+ Kh8 31. Ra1 Qc7 32. Qb3 Rc8 33. Ra4 a6 34.
Nd5 Qd6 35. Rxa6 1-0

[Event "IV Open International Senior"]
[Site "Calvia"]
[Date "2007.10.19"]
[Round "5.25"]
[White "Russo, Carmelo"]
[Black "Benito Alba, Eladio"]
[Result "1-0"]
[WhiteElo "1702"]
[BlackElo "1873"]
[PlyCount "119"]
[EventDate "2007.??.??"]

1. d4 Nf6 2. c4 e6 3. Nc3 d5 4. Bg5 c6 5. e4 dxe4 6. Bxf6 Qxf6 7. Nxe4 Bb4+ 8.
Nc3 O-O 9. Nf3 e5 10. dxe5 Re8 11. Be2 Qg6 12. O-O Bxc3 13. bxc3 Bh3 14. Ne1
Na6 15. Bh5 Bg4 16. Qxg4 Qxg4 17. Bxg4 Rxe5 18. Nc2 h5 19. Bf3 Nc5 20. Rab1 Re7
21. Rfe1 Rd7 22. Bxh5 Rd2 23. Re2 Rad8 24. Nd4 Rd3 25. Re7 g6 26. Bf3 Rxc3 27.
h3 Rxd4 28. Be2 Rc2 29. Re5 Re4 30. Rxe4 Nxe4 31. Bd3 Rxf2 32. Bxe4 Rxa2 33.
Rxb7 Ra4 34. Bxc6 Rxc4 35. Bd5 Rf4 36. Rxa7 Kg7 37. g3 Rf5 38. Rd7 Kf8 39. Be4
Rf6 40. Kg2 Ke8 41. Rb7 Kf8 42. g4 Kg7 43. g5 Rf4 44. Re7 Kf8 45. Re5 Kg7 46.
Kg3 Rf1 47. Re8 Rc1 48. Rd8 Rc3+ 49. Kg4 Rc4 50. Kf3 Rc3+ 51. Rd3 Rc7 52. Rd6
Ra7 53. Kg4 Ra4 54. Kf4 Ra7 55. Rd4 Re7 56. Rd5 Rc7 57. Rb5 Re7 58. Rb7 Re8 59.
Bd5 Rf8 60. Re7 1-0

[Event "IV Open International Senior"]
[Site "Calvia"]
[Date "2007.10.20"]
[Round "6.2"]
[White "Bellon Lopez, Juan Manuel"]
[Black "Serra Olives, Tomas"]
[Result "1-0"]
[WhiteElo "2422"]
[BlackElo "2144"]
[PlyCount "60"]
[EventDate "2007.??.??"]

1. d4 Nf6 2. Nf3 e6 3. Bg5 h6 4. Bxf6 Qxf6 5. e4 d6 6. Nc3 Bd7 7. Qd2 Nc6 8. d5
Ne5 9. Nd4 a6 10. Be2 g5 11. O-O Ng6 12. Rad1 e5 13. Nf5 Bg7 14. Bg4 Kf8 15.
Ne3 Bxg4 16. Nxg4 Qd8 17. Ne3 Qd7 18. Ne2 Bf6 19. f3 Rc8 20. Qb4 c5 21. dxc6
Rxc6 22. Nf5 Be7 23. c4 d5 24. Nxe7 Qxe7 25. Qxe7+ Kxe7 26. Rxd5 Rxc4 27. Ng3
Rhc8 28. Nf5+ Ke8 29. Nd6+ Ke7 30. Nf5+ Kf8 1-0

[Event "IV Open International Senior"]
[Site "Calvia"]
[Date "2007.10.20"]
[Round "6.6"]
[White "Estrada Martinez, Cesar"]
[Black "Lazaro Porta, Angel"]
[Result "1/2-1/2"]
[WhiteElo "2227"]
[BlackElo "2036"]
[PlyCount "127"]
[EventDate "2007.??.??"]

1. Nf3 Nf6 2. c4 g6 3. Nc3 Bg7 4. d4 O-O 5. Bf4 c5 6. d5 d6 7. h3 a6 8. a4 Qa5
9. Bd2 Qc7 10. e4 e6 11. dxe6 fxe6 12. Be2 Nc6 13. O-O Nd4 14. Bg5 Nd7 15. Be3
Nxf3+ 16. Bxf3 Ne5 17. Be2 Nc6 18. Rb1 b6 19. Bg4 Nd4 20. f4 Bd7 21. Qd3 Rae8
22. Ne2 h5 23. Bf3 e5 24. b3 Bc6 25. fxe5 dxe5 26. Nc3 Qd6 27. Nd5 a5 28. Be2
Bb7 29. Bg5 Rxf1+ 30. Rxf1 Rf8 31. Rxf8+ Bxf8 32. Bd1 Bg7 33. Qg3 Bxd5 34. cxd5
Bf6 35. Bxh5 Kg7 36. Bd1 Qe7 37. h4 b5 38. axb5 Nxb5 39. Bxf6+ Qxf6 40. h5 Nd6
41. Bf3 g5 42. Qh3 Qf4 43. h6+ Kh7 44. Qd7+ Nf7 45. Qg4 Qxg4 46. Bxg4 Kxh6 47.
Kf2 Kg6 48. Ke3 Kf6 49. Bh5 Ke7 50. Be2 Nd6 51. Kd3 Nc8 52. Bg4 Nd6 53. Bd7 Kf6
54. Bg4 Ke7 55. Bf3 Kf6 56. Kc3 Ke7 57. g4 Kf6 58. Kb2 Ke7 59. Ka3 Kd7 60. Ka4
Kc7 61. Bg2 Kb6 62. Bf3 Ne8 63. Ka3 Nd6 64. Be2 1/2-1/2

[Event "IV Open International Senior"]
[Site "Calvia"]
[Date "2007.10.20"]
[Round "6.7"]
[White "Sarto Ramos, Angel"]
[Black "Molina, Jorge"]
[Result "0-1"]
[WhiteElo "2086"]
[BlackElo "2240"]
[PlyCount "94"]
[EventDate "2007.??.??"]

1. d4 Nf6 2. Nf3 c5 3. e3 cxd4 4. exd4 d5 5. Nbd2 Nc6 6. c3 Bg4 7. Bd3 e6 8.
O-O Bd6 9. Re1 Qc7 10. h3 Bh5 11. Qe2 O-O 12. g4 Bg6 13. Bxg6 hxg6 14. Ne5 Rab8
15. g5 Nd7 16. f4 Ne7 17. Ndf3 Nf5 18. Kg2 Bxe5 19. fxe5 b5 20. Bd2 Nb6 21.
Rad1 Qc4 22. b3 Qxe2+ 23. Rxe2 Rfc8 24. a3 Rc6 25. Ne1 Nd7 26. Nd3 a5 27. Be1
Kf8 28. Kf3 Ke7 29. Ra1 Rbc8 30. b4 Rxc3 31. Bxc3 Rxc3 32. Re3 Nxe3 33. Kxe3 a4
34. Kd2 Rc4 35. Ke3 Nb6 36. Ra2 Rc3 37. Kd2 Rxa3 38. Rxa3 Nc4+ 39. Kc1 Nxa3 40.
Nc5 Nc4 41. Nb7 f6 42. Na5 fxe5 43. Nc6+ Kd7 44. Na7 exd4 45. Nxb5 e5 46. Na7
d3 47. b5 a3 0-1

[Event "IV Open International Senior"]
[Site "Calvia"]
[Date "2007.10.20"]
[Round "6.10"]
[White "Simon, Padros Emili"]
[Black "Fernandez Garcia, Ignacio"]
[Result "1-0"]
[WhiteElo "2253"]
[BlackElo "2034"]
[PlyCount "63"]
[EventDate "2007.??.??"]

1. e4 b6 2. d4 Bb7 3. Bd3 e6 4. Nf3 h6 5. O-O d5 6. e5 c5 7. c3 Nc6 8. a3 a5 9.
Be3 Ba6 10. a4 Bxd3 11. Qxd3 c4 12. Qc2 Nge7 13. b3 cxb3 14. Qxb3 Nf5 15. Bd2
Rc8 16. Na3 Bxa3 17. Qxa3 Nfe7 18. Rab1 O-O 19. Rb3 Rb8 20. Rfb1 Nf5 21. Qc1
Kh7 22. R1b2 g5 23. Qb1 g4 24. Ne1 Kg7 25. Rxb6 Rc8 26. Qd1 h5 27. Nd3 Kh7 28.
Nf4 Ng7 29. Nxh5 Nxh5 30. Qxg4 Ng7 31. Bg5 f5 32. Qh4+ 1-0

[Event "IV Open International Senior"]
[Site "Calvia"]
[Date "2007.10.20"]
[Round "6.12"]
[White "Hervas Ruiz, Jose"]
[Black "Alonso Perez, Jose Ramon"]
[Result "1/2-1/2"]
[WhiteElo "2181"]
[BlackElo "2028"]
[PlyCount "20"]
[EventDate "2007.??.??"]

1. d4 d5 2. Nf3 Nf6 3. c4 e6 4. cxd5 exd5 5. Nc3 c6 6. e3 Bd6 7. Bd3 O-O 8. O-O
Bg4 9. h3 Bh5 10. Bd2 Nbd7 1/2-1/2

[Event "IV Open International Senior"]
[Site "Calvia"]
[Date "2007.10.20"]
[Round "6.13"]
[White "Komysheva, Margarita"]
[Black "Garcia Moreno, Jose Alfredo"]
[Result "1/2-1/2"]
[WhiteElo "2174"]
[BlackElo "1975"]
[PlyCount "101"]
[EventDate "2007.??.??"]

1. e4 c6 2. d4 d5 3. Nd2 dxe4 4. Nxe4 Nd7 5. Nf3 Ngf6 6. Nxf6+ Nxf6 7. Bc4 e6
8. Qe2 Bd6 9. O-O O-O 10. Bg5 b6 11. Ne5 Qc7 12. Bxf6 gxf6 13. Ng4 Kh8 14. g3
f5 15. Nf6 Be7 16. Nh5 b5 17. Bd3 Rg8 18. Qe5+ Qxe5 19. dxe5 Bb7 20. Be2 Rgd8
21. Rfd1 b4 22. Bf3 Bc5 23. c3 bxc3 24. bxc3 Bb6 25. Nf4 Rxd1+ 26. Rxd1 Rd8 27.
Rxd8+ Bxd8 28. Nd3 Bc7 29. a4 Kg8 30. Bg2 Ba6 31. Nb4 Bc4 32. Nxc6 a5 33. Bf1
Bd5 34. Ne7+ Kf8 35. Nxd5 exd5 36. f4 Ke7 37. Kf2 f6 38. exf6+ Kxf6 39. h3 h6
40. Ke3 Bb6+ 41. Kf3 Bc7 42. Bb5 Bb6 43. Bd3 Bc5 44. g4 fxg4+ 45. hxg4 Bd6 46.
Bb5 Bc5 47. Bc6 Ke6 48. Bb7 Ba3 49. f5+ Ke5 50. f6 Kxf6 51. Bxd5 1/2-1/2